The legal environment today : (Record no. 18889)
[ view plain ]
| 000 -LEADER | |
|---|---|
| fixed length control field | 01535cam a2200361 a 4500 |
| 001 - CONTROL NUMBER | |
| control field | 16986491 |
| 005 - DATE AND TIME OF LATEST TRANSACTION | |
| control field | 20160721151714.0 |
| 008 - FIXED-LENGTH DATA ELEMENTS--GENERAL INFORMATION | |
| fixed length control field | 110930t2013 xxua frb 001 0 eng d |
| 020 ## - INTERNATIONAL STANDARD BOOK NUMBER | |
| International Standard Book Number | 9781111530617 (hbk.) |
| 020 ## - INTERNATIONAL STANDARD BOOK NUMBER | |
| International Standard Book Number | 1111530610 (hbk.) |
| 020 ## - INTERNATIONAL STANDARD BOOK NUMBER | |
| International Standard Book Number | 9781133562481 (pbk. : instructor's manual) |
| 020 ## - INTERNATIONAL STANDARD BOOK NUMBER | |
| International Standard Book Number | 1133562485 (pbk. : instructor's manual) |
| 020 ## - INTERNATIONAL STANDARD BOOK NUMBER | |
| International Standard Book Number | 9781133561996 (pbk. : Answers to questions and case problems) |
| 020 ## - INTERNATIONAL STANDARD BOOK NUMBER | |
| International Standard Book Number | 1133561993 (pbk. : Answers to questions and case problems) |
| 040 ## - CATALOGING SOURCE | |
| Original cataloging agency | DLC |
| Transcribing agency | DLC |
| Modifying agency | DLC |
| -- | EG-ScBUE |
| 043 ## - GEOGRAPHIC AREA CODE | |
| Geographic area code | n-us--- |
| 082 00 - DEWEY DECIMAL CLASSIFICATION NUMBER | |
| Edition number | 22 |
| Classification number | 346.7307 |
| Item number | MIL |
| 100 1# - MAIN ENTRY--PERSONAL NAME | |
| Personal name | Miller, Roger LeRoy |
| 9 (RLIN) | 37191 |
| 245 14 - TITLE STATEMENT | |
| Title | The legal environment today : |
| Remainder of title | business in its ethical, regulatory, e-commerce, and global setting / |
| Statement of responsibility, etc | Roger LeRoy Miller, Frank B. Cross. |
| 250 ## - EDITION STATEMENT | |
| Edition statement | 7th ed. |
| 260 ## - PUBLICATION, DISTRIBUTION, ETC. (IMPRINT) | |
| Place of publication, distribution, etc | Mason, United States : |
| Name of publisher, distributor, etc | South-Western Cengage Learning, |
| Date of publication, distribution, etc | c.2013. |
| 300 ## - PHYSICAL DESCRIPTION | |
| Extent | [Various pagings] : |
| Other physical details | ill. (col.) ; |
| Dimensions | 26 cm. + |
| Accompanying material | instructor's manual. |
| 500 ## - GENERAL NOTE | |
| General note | Accompanied by : Answers to questions and case problems and alternate problem sets with answers. (xiii, 276, [223] p. ; 28 cm.). |
| 500 ## - GENERAL NOTE | |
| General note | Laid in fold. sample of sales contract for purchase of green coffee. |
| 500 ## - GENERAL NOTE | |
| General note | Includes index. |
| 504 ## - BIBLIOGRAPHY, ETC. NOTE | |
| Bibliography, etc | Includes bibliographical references. |
| 650 #0 - SUBJECT ADDED ENTRY--TOPICAL TERM | |
| Topical term or geographic name as entry element | Commercial law |
| Geographic subdivision | United States |
| 9 (RLIN) | 37192 |
| 653 ## - INDEX TERM--UNCONTROLLED | |
| Resource For college | BAEPS, Business Administration |
| Arrived date list | January2015 |
| 655 ## - INDEX TERM--GENRE/FORM | |
| Form subdivision | |
| -- | 34232 |
| 650 #0 - SUBJECT ADDED ENTRY--TOPICAL TERM | |
| 9 (RLIN) | 22946 |
| Topical term or geographic name as entry element | Law |
| Geographic subdivision | United States |
| 700 1# - ADDED ENTRY--PERSONAL NAME | |
| Personal name | Cross, Frank B. |
| 9 (RLIN) | 37193 |
| 942 ## - ADDED ENTRY ELEMENTS (KOHA) | |
| Source of classification or shelving scheme | Dewey Decimal Classification |
| Call number prefix | 346.7307 MIL |
| Withdrawn status | Item status | Source of classification or shelving scheme | Damaged status | Not for loan | Vendor | Home library | Current library | Shelving location | Date acquired | Source of acquisition | Cost, normal purchase price | Serial Enumeration / chronology | Total Checkouts | Total Renewals | Full call number | Barcode | Date last seen | Date last borrowed | Cost, replacement price | Koha item type |
|---|---|---|---|---|---|---|---|---|---|---|---|---|---|---|---|---|---|---|---|---|
| Dewey Decimal Classification | Baccah | Central Library | Central Library | First floor | 15/01/2015 | 2063.00 | 21291 | 2 | 7 | 346.7307 MIL | 000037312 | 15/07/2025 | 07/03/2020 | 2579.00 | Book - Borrowing |